[Event "Cappelle Online Blitz op"]
[Site "Europe Echecs INT"]
[Date "2022.01.09"]
[Round "10"]
[White "Courjal, Pauline"]
[Black "Delabre, Tony"]
[Result "1-0"]
[WhiteElo "1942"]
[BlackElo "2042"]
[PlyCount "57"]
[EventDate "2022.01.09"]
[EventType "swiss (blitz)"]
[EventRounds "11"]
[EventCountry "FRA"]
[SourceTitle "EXT 2023"]
[Source "ChessBase"]
[SourceDate "2022.10.05"]
[SourceVersion "1"]
[SourceVersionDate "2022.10.05"]
[SourceQuality "1"]

1. e4 e5 2. Nc3 Bc5 3. Bc4 Nf6 4. d3 Nc6 5. h3 Na5 6. Nge2 Nxc4 7. dxc4 c6 8. 0-0 d5 9. cxd5 cxd5 10. exd5 0-0 11. Ng3 b6 12. Bg5 h6 13. Bxf6 Qxf6 14. Nge4 Qe7 15. d6 Qd7 16. Qf3 Bb7 17. Qg3 Qe6 18. Nxc5 bxc5 19. Rad1 Rad8 20. Nb5 Ba6 21. Nc7 Qc8 22. Nd5 Bxf1 23. Ne7+ Kh8 24. Nxc8 Rxc8 25. Kxf1 Rcd8 26. Qxe5 Rfe8 27. Qxc5 a6 28. d7 Re6 29. Qc7 1-0

[Event "Cappelle Online Blitz op"]
[Site "Europe Echecs INT"]
[Date "2022.01.09"]
[Round "3"]
[White "Guenin, Pierre"]
[Black "Courjal, Pauline"]
[Result "0-1"]
[WhiteElo "1347"]
[BlackElo "1942"]
[PlyCount "130"]
[EventDate "2022.01.09"]
[EventType "swiss (blitz)"]
[EventRounds "11"]
[EventCountry "FRA"]
[SourceTitle "EXT 2023"]
[Source "ChessBase"]
[SourceDate "2022.10.05"]
[SourceVersion "1"]
[SourceVersionDate "2022.10.05"]
[SourceQuality "1"]

1. e4 c5 2. f4 d6 3. Nf3 Nc6 4. c3 g6 5. Be2 Bg7 6. 0-0 e6 7. d3 Nge7 8. Na3 a6 9. Nc2 0-0 10. Bd2 d5 11. e5 h5 12. Ng5 Nf5 13. Qe1 d4 14. c4 b5 15. b3 Bb7 16. Rd1 b4 17. a4 Qc7 18. h4 Na5 19. Rb1 Qc6 20. Rf2 Nxh4 21. Qf1 Nf5 22. Ne4 Qc7 23. Bf3 Nh4 24. Nf6+ Bxf6 25. Bxb7 Qxb7 26. exf6 Nf5 27. Re1 Nc6 28. Qe2 Qc7 29. Rf3 Qd8 30. Rh3 Qxf6 31. Rf1 Na5 32. Na1 Rae8 33. Qe5 Qxe5 34. fxe5 Nc6 35. Bf4 Ne3 36. Re1 Ng4 37. Nc2 Kg7 38. Bg5 Ncxe5 39. Rg3 f6 40. Bf4 g5 41. Bxe5 Nxe5 42. Na1 Ng6 43. Nc2 Nf4 44. Rf3 Kg6 45. Re4 h4 46. Kh2 e5 47. g3 g4 48. Rf1 Nxd3 49. gxh4 Rh8 50. Rxg4+ Kf7 51. Kg3 Reg8 52. Rf5 Nf4 53. Ne1 Rxg4+ 54. Kxg4 Rg8+ 55. Kf3 d3 56. Rxf4 d2 57. Re4 d1Q+ 58. Kf2 Qd2+ 59. Re2 Qf4+ 60. Nf3 e4 61. Ke1 exf3 62. Rd2 Rg1+ 63. Kf2 Qg3+ 64. Ke3 Re1+ 65. Kd3 f2+ 0-1

[Event "FRA-ch U18"]
[Site "Agen"]
[Date "2021.10.27"]
[Round "5"]
[White "Courjal, Pauline"]
[Black "Diez, Ambre"]
[Result "0-1"]
[WhiteElo "1822"]
[BlackElo "1862"]
[PlyCount "82"]
[EventDate "2021.10.22"]
[EventType "swiss"]
[EventRounds "9"]
[EventCountry "FRA"]
[SourceTitle "EXT 2023"]
[Source "ChessBase"]
[SourceDate "2022.10.05"]
[SourceVersion "1"]
[SourceVersionDate "2022.10.05"]
[SourceQuality "1"]

1. e4 e5 2. Nc3 Nc6 3. Bc4 Nf6 4. d3 Na5 5. Nge2 Nxc4 6. dxc4 d6 7. 0-0 Be7 8. Qd3 Bd7 9. h3 h5 10. f4 c6 11. Be3 Qc7 12. a4 h4 13. a5 Nh5 14. Kh2 exf4 15. Nxf4 Ng3 16. Rfd1 g5 17. Bd4 Rg8 18. Nfe2 Nh5 19. Qf3 g4 20. hxg4 Bxg4 21. Qf2 Ng3 22. Nxg3 Bxd1 23. Nf5 Bh5 24. Nxe7 Qxe7 25. Bf6 Qe6 26. e5 Rg6 27. Re1 Kf8 28. Qxh4 dxe5 29. Bxe5 Qg4 30. Qf2 Re8 31. c5 Kg8 32. Bg3 Rxe1 33. Qxe1 Re6 34. Qd2 Bg6 35. Qd8+ Kg7 36. Qc7 Qh5+ 37. Kg1 Qxc5+ 38. Kh1 Bxc2 39. Bf4 Re1+ 40. Kh2 Qe7 41. Qxe7 Rxe7 0-1

[Event "Trophee Roza Lallemand Online"]
[Site "Tornelo INT"]
[Date "2020.12.13"]
[Round "2"]
[White "Courjal, Pauline"]
[Black "Thomas, Anysia"]
[Result "0-1"]
[WhiteElo "1855"]
[BlackElo "2164"]
[PlyCount "78"]
[EventDate "2020.12.13"]
[EventType "swiss (rapid)"]
[EventRounds "9"]
[EventCountry "USA"]
[SourceTitle "EXT 2022"]
[Source "ChessBase"]
[SourceDate "2021.10.06"]
[SourceVersion "1"]
[SourceVersionDate "2021.10.06"]
[SourceQuality "1"]

1. e4 c5 2. Nf3 g6 3. c3 d5 4. exd5 Qxd5 5. d4 Bg7 6. Na3 cxd4 7. Nb5 Na6 8. Nbxd4 Nf6 9. Bxa6 bxa6 10. 0-0 0-0 11. Re1 Re8 12. Bf4 Bb7 13. Qb3 Nh5 14. Qxd5 Bxd5 15. Bc7 Rac8 16. Ba5 e5 17. Nc2 Nf4 18. Re3 e4 19. Nfd4 Nd3 20. Rb1 Bxa2 21. Rd1 Nxb2 22. Rde1 Nc4 23. Bb4 a5 24. Ba3 Nxe3 25. Rxe3 Bb1 26. Ne1 Bd3 27. Bb2 Rb8 28. h3 Rxb2 29. Nxd3 Rb1+ 30. Kh2 Bxd4 31. cxd4 a4 32. Nf4 Rb3 33. Nd5 Rxe3 34. Nf6+ Kf8 35. fxe3 a3 36. Nd7+ Ke7 37. Nc5 a2 38. Nb3 Rb8 39. Na1 Rb1 0-1

[Event "Trophee Roza Lallemand Online"]
[Site "Tornelo INT"]
[Date "2020.12.13"]
[Round "6"]
[White "Courjal, Pauline"]
[Black "Tomasi, Elise"]
[Result "0-1"]
[WhiteElo "1855"]
[BlackElo "2030"]
[PlyCount "54"]
[EventDate "2020.12.13"]
[EventType "swiss (rapid)"]
[EventRounds "9"]
[EventCountry "USA"]
[SourceTitle "EXT 2022"]
[Source "ChessBase"]
[SourceDate "2021.10.06"]
[SourceVersion "1"]
[SourceVersionDate "2021.10.06"]
[SourceQuality "1"]

1. e4 c5 2. Nf3 Nc6 3. c3 d5 4. exd5 Qxd5 5. d4 Nf6 6. Na3 cxd4 7. Nb5 Qd8 8. Nbxd4 Nxd4 9. Nxd4 e6 10. Qf3 a6 11. Qg3 Qd6 12. Bf4 Qb6 13. Be2 Qxb2 14. 0-0 Ne4 15. Qe3 Nxc3 16. Bh5 Nd5 17. Qe5 Nxf4 18. Qxf4 g6 19. Qf6 Rg8 20. Bf3 Bg7 21. Qf4 Qxd4 22. Qc7 Qd7 23. Qc5 Bxa1 24. Rd1 Qe7 25. Qb6 Bf6 26. Bc6+ Kf8 27. Rd8+ Qxd8 0-1

[Event "FRA-ch U20"]
[Site "Europe Echecs INT"]
[Date "2020.07.12"]
[Round "7"]
[White "Courjal, Pauline"]
[Black "Grancher, Etienne"]
[Result "1-0"]
[WhiteElo "1848"]
[BlackElo "1987"]
[PlyCount "79"]
[EventDate "2020.07.12"]
[EventType "swiss (rapid)"]
[EventRounds "9"]
[EventCountry "FRA"]
[SourceTitle "EXT 2021"]
[Source "ChessBase"]
[SourceDate "2020.10.23"]
[SourceVersion "1"]
[SourceVersionDate "2020.10.23"]
[SourceQuality "1"]

1. e4 c5 2. Nc3 e6 3. g3 Nc6 4. Bg2 Nf6 5. d3 Be7 6. f4 d5 7. e5 Nd7 8. Nf3 0-0 9. 0-0 Rb8 10. Ne2 Qc7 11. Be3 b6 12. d4 Ba6 13. c3 b5 14. a3 Rfc8 15. g4 Na5 16. dxc5 Bxc5 17. Bxc5 Qxc5+ 18. Nfd4 Nc4 19. Qc1 Rc7 20. f5 Ndxe5 21. fxe6 fxe6 22. Kh1 Qd6 23. b3 Na5 24. Qg5 Re8 25. Nf4 Bc8 26. Nh5 Kh8 27. Nxb5 Qb6 28. Nxc7 Qxc7 29. Rae1 Nac6 30. Re3 Qd7 31. Rxe5 h6 32. Qe3 Qd6 33. Nf4 Kg8 34. Re1 Nxe5 35. Qxe5 Qc5 36. Qe3 Qxa3 37. Nxd5 Qd6 38. Nf4 Bd7 39. Nh5 Qc7 40. Qe5 1-0

[Event "FRA-ch U20"]
[Site "Europe Echecs INT"]
[Date "2020.07.12"]
[Round "8"]
[White "Kuhn, Clement"]
[Black "Courjal, Pauline"]
[Result "0-1"]
[WhiteElo "2150"]
[BlackElo "1848"]
[PlyCount "86"]
[EventDate "2020.07.12"]
[EventType "swiss (rapid)"]
[EventRounds "9"]
[EventCountry "FRA"]
[SourceTitle "EXT 2021"]
[Source "ChessBase"]
[SourceDate "2020.10.23"]
[SourceVersion "1"]
[SourceVersionDate "2020.10.23"]
[SourceQuality "1"]

1. d4 e6 2. g3 b6 3. Bg2 Nc6 4. Nf3 Bb7 5. 0-0 f5 6. c4 Nf6 7. Nc3 Bb4 8. Bg5 h6 9. Bd2 0-0 10. a3 Bxc3 11. bxc3 Ne4 12. Qc2 Na5 13. Ne5 Nxd2 14. Qxd2 Bxg2 15. Kxg2 Nb3 16. Qd3 Nxa1 17. Rxa1 d6 18. Nf3 Qf6 19. Nd2 e5 20. e4 f4 21. Rf1 Rf7 22. f3 Raf8 23. c5 dxc5 24. dxc5 Rd8 25. Qe2 bxc5 26. Nc4 Rfd7 27. Kg1 Qg5 28. g4 h5 29. h3 Kf7 30. h4 Qf6 31. g5 Qe6 32. Kg2 Rd3 33. Rc1 Qxc4 34. Rc2 Qb3 35. Kh2 Rxc3 36. Rb2 Qc4 37. Qg2 g6 38. a4 Rcd3 39. Rc2 Qxc2 40. Qxc2 Rd2+ 41. Kh3 Rxc2 42. a5 Rdd2 43. a6 Rh2# 0-1

[Event "FRA-ch U18/14 Online"]
[Site "Europe Echecs INT"]
[Date "2020.07.11"]
[Round "4"]
[White "Courjal, Pauline"]
[Black "David, Bogdan Emanuel"]
[Result "0-1"]
[WhiteElo "1848"]
[BlackElo "2092"]
[PlyCount "50"]
[EventDate "2020.07.11"]
[EventType "swiss (blitz)"]
[EventRounds "9"]
[EventCountry "FRA"]
[SourceTitle "EXT 2021"]
[Source "ChessBase"]
[SourceDate "2020.10.23"]
[SourceVersion "1"]
[SourceVersionDate "2020.10.23"]
[SourceQuality "1"]

1. e4 c5 2. Nc3 Nc6 3. g3 g6 4. Bg2 Bg7 5. d3 e5 6. Nh3 d6 7. 0-0 Nge7 8. f4 Nd4 9. Nf2 0-0 10. Ne2 Nec6 11. c3 Nxe2+ 12. Qxe2 Qc7 13. Nd1 f5 14. Ne3 Be6 15. exf5 gxf5 16. Bd5 Qf7 17. Bxe6 Qxe6 18. fxe5 dxe5 19. Qh5 f4 20. gxf4 exf4 21. Qd5 Rae8 22. Bd2 fxe3 23. Qxe6+ Rxe6 24. Be1 Rg6+ 25. Kh1 Rxf1# 0-1

[Event "FRA-ch U18/14 Online"]
[Site "Europe Echecs INT"]
[Date "2020.07.11"]
[Round "9"]
[White "Delin, Valere"]
[Black "Courjal, Pauline"]
[Result "0-1"]
[WhiteElo "2043"]
[BlackElo "1848"]
[PlyCount "60"]
[EventDate "2020.07.11"]
[EventType "swiss (blitz)"]
[EventRounds "9"]
[EventCountry "FRA"]
[SourceTitle "EXT 2021"]
[Source "ChessBase"]
[SourceDate "2020.10.23"]
[SourceVersion "1"]
[SourceVersionDate "2020.10.23"]
[SourceQuality "1"]

1. e4 e6 2. d4 d5 3. Nd2 dxe4 4. Nxe4 Nd7 5. Nf3 Ngf6 6. Nxf6+ Nxf6 7. c3 Be7 8. Bd3 b6 9. 0-0 Bb7 10. Re1 0-0 11. Bg5 Nd7 12. Bf4 c5 13. dxc5 Nxc5 14. Be2 Qc8 15. Nd4 Rd8 16. Bf3 Bf6 17. Be5 Bxe5 18. Rxe5 f6 19. Re3 e5 20. b4 exd4 21. Re7 dxc3 22. Qe2 Bxf3 23. Qxf3 Ne6 24. Rc1 c2 25. h4 Kf8 26. Rxe6 Qxe6 27. Rxc2 Rac8 28. Re2 Rc1+ 29. Kh2 Qd6+ 30. g3 Qd1 0-1

[Event "FRA-ch Blitz Online Qual"]
[Site "Europe Echecs INT"]
[Date "2020.05.16"]
[Round "10"]
[White "Van Hoolandt, Patrick"]
[Black "Courjal, Pauline"]
[Result "1-0"]
[WhiteElo "2063"]
[BlackElo "1848"]
[PlyCount "87"]
[EventDate "2020.05.16"]
[EventType "swiss (blitz)"]
[EventRounds "15"]
[EventCountry "FRA"]
[SourceTitle "CBM 196 Extra"]
[Source "ChessBase"]
[SourceDate "2020.07.31"]
[SourceVersion "1"]
[SourceVersionDate "2020.07.31"]
[SourceQuality "1"]

1. d4 e6 2. c4 Bb4+ 3. Bd2 a5 4. Nf3 d6 5. g3 Nc6 6. Bg2 e5 7. Bxb4 axb4 8. dxe5 dxe5 9. Qxd8+ Kxd8 10. 0-0 f6 11. Rd1+ Ke7 12. a3 bxa3 13. Nxa3 Be6 14. b3 Kf7 15. Nb5 Rc8 16. Nd2 Nge7 17. Ne4 Nf5 18. e3 Nb4 19. Ra7 c6 20. Rxb7+ Kg6 21. Nbd6 Rb8 22. Rxb8 Rxb8 23. Nc5 Rd8 24. Ncb7 Rd7 25. g4 Nxd6 26. Nxd6 Bxg4 27. Rd2 Na6 28. Bxc6 Rd8 29. Be4+ f5 30. Bc2 Nb4 31. Bd1 Bxd1 32. Rxd1 e4 33. c5 Nd3 34. Nc4 Rb8 35. Nb6 Nxc5 36. Nd7 Rd8 37. Ne5+ Kg5 38. Rxd8 Nxb3 39. Rd7 g6 40. Rxh7 Nc1 41. Kg2 Ne2 42. Nc4 Nc1 43. h4+ Kg4 44. Ne5# 1-0